Formule 1 - Mots croisés #1 - Statistiques

Statistiques générales
  • Ce quiz a été pris 6 325 fois
  • Le résultat moyen est 13 sur 15
Réponses sur la Carte
Les réponses sont colorées sur une échelle allant du rouge au vert en fonction du pourcentage des utilisateurs qui les ont devinées à leur premier essai. Vous pouvez retrouver ces pourcentages ci-dessous.
 
Statistiques - réponses
Direction # Indice Réponse % Correct
Vertical 1 Couleur des feux de départ ROUGE
97%
Vertical 7 Septuple champion du monde HAMILTON
96%
Horizontal 6 Ecurie italienne détentrice du plus grand nombre de championnats du monde constructeurs FERRARI
95%
Horizontal 8 Pilote monégasque ayant gagné le Grand Prix de Monaco LECLERC
95%
Vertical 3 Prénom de Schumacher MICHAEL
95%
Vertical 4 Ecurie actuelle américaine HAAS
90%
Horizontal 9 Triple champion du monde brésilien SENNA
90%
Vertical 12 Système de réduction de la trainée DRS
88%
Horizontal 11 Dispositif de sécurité en forme d'arceau sur les monoplaces, protégeant la tête des pilotes HALO
86%
Vertical 2 Endroit où se mettent en place les pilotes avant un Grand Prix GRILLE
85%
Vertical 5 Circuit britannique présent lors du 1er championnat du monde en 1950 SILVERSTONE
85%
Horizontal 3 Ville australienne accueillant la Formule 1 à l'Albert Park MELBOURNE
83%
Horizontal 13 Une monoplace en a besoin de quatre pour rouler correctement PNEUS
80%
Horizontal 10 Pays accueillant la Formule 1 dans la ville de Sakhir BAHREIN
78%
Vertical 10 Pays d'origine de Rubens Barrichello BRESIL
78%
Aucun quiz correspondant
Distribution des résultats
% des personnes avec chaque résultat
Percentile par nombre de réponses
Votre historique - résultats
Vous n’avez pas pris ce quiz